Countries with Greens in Government 🌱🌎 - Statistics

General Stats
  • This quiz has been taken 46 times
  • The average score is 6 of 10
Answer Stats
Answer % Correct
Sweden
91%
Germany
84%
Finland
80%
Belgium
73%
Austria
70%
Ireland
66%
New Zealand
64%
Luxembourg
57%
Mexico
36%
North Macedonia
23%
No matching quizzes found
Score Distribution
Percent of People with Each Score
Percentile by Number Answered
Your Score History
You have not taken this quiz